=LDR 00000nam 2200000 4500 =001 INLIS000000000023800 =005 20130612122429 =008 ***********************************Ind** =035 ##$$0010-061300000023800 =041 ##$$a Ind =082 ##$$a 979 =090 ##$$a 979, Hus r =100 ##$$a Husnan, Suaad =245 ##$$a Ringkasan soal dan jawaban, Suaad Husna =260 ##$$a 1982 $b Yogyakarta =300 ##$$a 276 hlm, ilus, 21 cm =650 ##$$a Pembelanjaan perusahaan - manajemen keuangan =850 ##$$a NBPNMAT